Catálogo público

Guia Para Cultivar Cebolla de Temporal en Morelos / Jorge A. Osuna Garcia (Record no. 209504)

MARC details
000 -CABECERA
campo de control de longitud fija 00754nam a2200241Ia 4500
001 - NÚMERO DE CONTROL
campo de control dia_4440
003 - IDENTIFICADOR DEL NÚMERO DE CONTROL
campo de control CHAP
005 - FECHA Y HORA DE LA ÚLTIMA TRANSACCIÓN
campo de control 20251014145911.0
008 - DATOS DE LONGITUD FIJA--INFORMACIÓN GENERAL
campo de control de longitud fija 220601s9999 xx 000 0 und d
040 ## - FUENTE DE LA CATALOGACIÓN
Centro catalogador/agencia de origen mxchpua
Normas de descripción rda
090 ## - LOCALMENTE ASIGNADO TIPO-LC NÚMERO DE CLASIFICACIÓN (OCLC); NÚMERO DE CLASIFICACIÓN LOCAL (RLIN)
Número de clasificación (OCLC) (R) ; Numero de clasificación, CALL (RLIN) (NR) Folleto 2358
100 ## - ENTRADA PRINCIPAL--NOMBRE DE PERSONA
Nombre de persona Osuna García, Jorge A.
9 (RLIN) 84289
245 ## - MENCIÓN DE TÍTULO
Título Guia Para Cultivar Cebolla de Temporal en Morelos / Jorge A. Osuna Garcia
260 ## - PUBLICACIÓN, DISTRIBUCIÓN, ETC.
Lugar de publicación, distribución, etc. México : Inia, Campo Agrícola Experimental Zacatepec
300 ## - DESCRIPCIÓN FÍSICA
Extensión 9 p.
500 ## - NOTA GENERAL
Nota general S/c (Folleto pPara Productores, 8)
650 ## - PUNTO DE ACCESO ADICIONAL DE MATERIA--TÉRMINO DE MATERIA
Término de materia o nombre geográfico como elemento de entrada 1. Cebolla-Cultivo-Morelos2. Cebolla-Morelos
9 (RLIN) 176060
856 ## - LOCALIZACIÓN Y ACCESO ELECTRÓNICOS
Nombre del host
901 ## - ELEMENTOS DE DATOS A LOCAL LDA (RLIN)
a FOLLETO 2358
902 ## - ELEMENTOS DE DATOS B LOCAL, LDB (RLIN)
a M
905 ## - ELEMENTOS DE DATOS E LOCAL, LDE (RLIN)
a 0000001984 mx A 0000000000spa00
942 ## - ELEMENTOS DE PUNTO DE ACCESO ADICIONAL (KOHA)
Tipo de ítem Koha Folleto
Fuente del sistema de clasificación o colocación Clasificación Universidad Autónoma de Chapingo
Holdings
Estado de retiro Estado de pérdida Fuente del sistema de clasificación o colocación Estado dañado No para préstamo Localización permanente Ubicación/localización actual Fecha de adquisición Total de préstamos Código de barras Fecha visto por última vez Número de copia Precio válido a partir de Tipo de ítem Koha
    Clasificación Universidad Autónoma de Chapingo     Ingenieria Agroindustrial Ingenieria Agroindustrial 01/06/2022   dia_FOLLETO 2358 01/06/2022 4 01/06/2022 Folleto